00459cam a2200169ua 4500001000500000005001700005008003900022040000900061082001100070100002800081245005100109250000900160260005000169300002200219653001400241653003400255195220260515113428.0110811n ii |||gr||||Z||||||eng cMAIN a379.54 aShukla, P. D.,eAuthor.1 aNew Education policy in indiacby P. D. Shukla a1st. aNew Delhi:bSterling publishers pvt. ltd,996. avii; 156p:c23cm. aEducation aNew Education policy in india